| 000 | 00393nam a2200133Ia 4500 | ||
|---|---|---|---|
| 008 | 191014s9999 xx 000 0 und d | ||
| 020 | _a978-0-387-69199-2 | ||
| 082 |
_a530.11 _bGRO |
||
| 100 |
_aOyvind Gron Sigbjon hervik _923716 |
||
| 245 | 0 | _aEinsteins General Theory Of Relativity With Modern Applications In Cosmology | |
| 260 |
_aUSA _bSpringer _c2007 |
||
| 300 | _aXx,538 | ||
| 942 | _cBK | ||
| 999 |
_c531209 _d531209 |
||